| 000 | 00822nam a2200265 i 4500 | ||
|---|---|---|---|
| 001 | 67475 | ||
| 003 | ES-MaACL | ||
| 005 | 20240207215655.0 | ||
| 007 | t| | ||
| 008 | 040601s2003 sp ||||0| spa d | ||
| 020 | _a84-8432-480-X | ||
| 080 | _a32(081) Azaña, Manuel | ||
| 100 | 1 |
_aAzaña, Manuel, _d1880-1940 _924223 |
|
| 245 | 1 | 0 |
_aDiscursos políticos / _cManuel Azaña ; edición de Santos Juliá. |
| 260 |
_aBarcelona : _bCrítica, _c[2003] |
||
| 300 |
_a499 p. ; _c24 cm. |
||
| 490 | 1 | _aSerie mayor | |
| 600 | 1 | 4 |
_aAzaña, Manuel, 1880-1940- _xPensamiento político _924227 |
| 600 | 0 |
_aAzaña, Manuel, _d1880-1940- _vDiscursos _9233672 |
|
| 700 | 1 |
_aJuliá, Santos, _d1940-2019 _967236 |
|
| 830 | 1 |
_aSerie mayor _9177793 |
|
| 852 |
_aES-MaACL _jL-27721 |
||
| 942 | _2udc | ||
| 999 |
_c67475 _d67475 |
||